Biblioteca y Centro de Documentación

Manifeste pour décarboner l'Europe (Registro nro. 50009)

Detalles MARC
000 -CABECERA
Longitud fija campo de control 00865naa a2200241 c 4500
001 - NÚMERO DE CONTROL
Número de control 50009
003 - IDENTIFICADOR DE NÚMERO DE CONTROL
Identificador del número de control ES-MaCES
005 - FECHA Y HORA DE LA ÚLTIMA TRANSACCIÓN
Fecha y hora de la última transacción 20171004155747.0
008 - CAMPO FIJO DE DESCRIPCIÓN FIJA--INFORMACIÓN GENERAL
Códigos de información de longitud fija   171004s2017 fr ||||| t||||||| ||fre d
040 ## - FUENTE DE CATALOGACIÓN
Centro catalogador de origen ES-MaCES
Lengua de catalogación spa
Centro transcriptor ES-MaCES
Centro modificado ES-MaCES
245 00 - MENCIÓN DE TÍTULO
Título Manifeste pour décarboner l'Europe
Mención de responsabilidad, etc. Par the Shift Project
500 ## - NOTA GENERAL
Nota general Resumen
650 #4 - ASIENTO SECUNDARIO DE MATERIA--TÉRMINO DE MATERIA
9 (RLIN) 29399
Término de materia o nombre geográfico como elemento inicial política energética
650 #4 - ASIENTO SECUNDARIO DE MATERIA--TÉRMINO DE MATERIA
9 (RLIN) 27751
Término de materia o nombre geográfico como elemento inicial fuente de energía
650 #4 - ASIENTO SECUNDARIO DE MATERIA--TÉRMINO DE MATERIA
9 (RLIN) 27773
Término de materia o nombre geográfico como elemento inicial carbón
650 #4 - ASIENTO SECUNDARIO DE MATERIA--TÉRMINO DE MATERIA
9 (RLIN) 28739
Término de materia o nombre geográfico como elemento inicial contaminación ambiental
650 #4 - ASIENTO SECUNDARIO DE MATERIA--TÉRMINO DE MATERIA
9 (RLIN) 28749
Término de materia o nombre geográfico como elemento inicial control de la contaminación
650 #4 - ASIENTO SECUNDARIO DE MATERIA--TÉRMINO DE MATERIA
9 (RLIN) 26752
Término de materia o nombre geográfico como elemento inicial UE
653 10 - TÉRMINO DE INDEXACIÓN--NO CONTROLADO
Término no controlado Políticas sectoriales
773 0# - ENTRADA DE DOCUMENTO FUENTE
Itemnumber del ítem fuente 86175
Lugar, editor y fecha de publicación Paris (Rue de Varenne, 55, 75341, Cedex 07) Futuribles
Otro identificador del documento 089072
Título Futuribles
Número de control del registro relacionado (ES-MaCES)25335
Parte(s) relacionada(s) nº 418 (mai-juin 2017) {10324 R. 089072} ;p. 63-68
902 ## - CES. TIPO DE DOCUMENTO
Tipodoc (006$c Sirtex) ART Artículo de revista
942 ## - ELEMENTOS KOHA
Fuente de clasificaión o esquema Clasificación propia del CES
Koha [por defecto] tipo de item Artículos (1982-2017)
Parte de clasificación Políticas Sectoriales

No hay ítems disponibles.

© CES, Consejo Económico y Social de España 2021